| 000 | 00402 a2200157 4500 | ||
|---|---|---|---|
| 003 | Nust | ||
| 005 | 20230125144251.0 | ||
| 040 | _cNust | ||
| 082 | _a891.4,TAG | ||
| 100 |
_a Tagore,Rabindranath _9107179 |
||
| 245 |
_aGitanJali (Song offerings) / _cRabindranath Tagore |
||
| 260 |
_aLondon _bMc Millan & Co _c1959 |
||
| 300 | _axxii, 100:p. | ||
| 650 |
_aBangali Literature _9107653 |
||
| 942 |
_2ddc _cBK |
||
| 999 |
_c186077 _d186077 |
||